000 01274nam a22002897a 4500
003 DO-CoUTE
005 20240311104615.0
008 240311b dr ||||| |||| 00| 0 spa d
040 _aDO-CoUTE
_bspa
_cDO-CoUTE
041 _aspa
090 _aDER 2023 D41
100 1 _aDiaz Cimas, Martina
_esustentante
245 1 0 _aDiagnóstico de los Internos de la Fortaleza Palo Hincado, Cotuí /
_cMartina Díaz Cimes, Cresencio Viloria Durán, Argenis Vásquez Sánchez ; asesor Ramón Emilio Peña asesor María Marte Ferreira
260 _aCotuí, República Dominicana :
_bUTECO,
_c2023
300 _axvii, 89 hojas :
_c23x29cm
_e+ 1 CD-ROM
502 _aTrabajo de Grado (Licenciatura en Derecho) Universidad Tecnológica del Cibao Oriental, 2023.
504 _aIncluye referencia bibliográfica e índice.
650 4 _2Sistemas Judiciales
700 1 _aMartina Díaz Cimes
_esustentante
700 1 _aCresencio Viloria Durán
_esustentante
700 1 _aArgenis Vásquez Sánchez
_esustentante
700 1 _aRamón Emilio Peña
_easesor
700 1 _aMaría Marte Ferreira
_easesor
830 _aTesis y disertaciones académicas (Universidad Tecnológica del Cibao Oriental)
856 _yHaga Click Aquí para Descargar en Texto Completo
942 _2ddc
_cTH
999 _c23438
_d23438